|
|
|
|
| LEADER |
01110nam a2200337 a 4500 |
| 001 |
000071834 |
| 003 |
CZ BrMZK |
| 005 |
20230213130539.0 |
| 007 |
ta |
| 008 |
950313s1995 xr e f 0 cze d |
| 015 |
|
|
|a cnb000369951
|
| 020 |
|
|
|a 80-85917-11-4
|
| 035 |
|
|
|a (OCoLC)320269861
|
| 040 |
|
|
|a BOA001
|b cze
|
| 072 |
|
7 |
|a 006.95
|x Chronologie
|2 Konspekt
|9 6
|
| 080 |
|
|
|a 006.95
|2 MRF
|
| 080 |
|
|
|a (0.062)
|2 MRF
|
| 100 |
1 |
|
|a Tomsa, Jan,
|d 1961-
|7 mzk2013764838
|4 aut
|
| 245 |
1 |
0 |
|a Počítání času :
|b (základy teorie kalendáře) /
|c Jan Tomsa
|
| 250 |
|
|
|a 1. vyd.
|
| 260 |
|
|
|a Praha :
|b KLP-Koniasch Latin Press,
|c 1995
|
| 300 |
|
|
|a 70 s. ;
|c 23 cm
|
| 490 |
1 |
|
|a Scripta astronomica,
|x 1210-0579 ;
|v 7
|
| 500 |
|
|
|a Vyd. Astronomický ústav AV ČR. - Bibliogr.
|
| 650 |
0 |
7 |
|a kalendáře
|7 ph121395
|x dějiny
|2 czenas
|
| 653 |
0 |
|
|a kalendáře
|
| 655 |
|
7 |
|a populárně-naučné publikace
|7 fd131864
|2 czenas
|
| 830 |
|
0 |
|a Scripta astronomica
|0 s
|
| 910 |
|
|
|a BOA001
|b 2-1021.242
|
| 990 |
|
|
|a BK
|
| 996 |
6 |
|
|b 2610037310
|c 2-1021.242
|l MZK
|r Sklad / do 1 hodiny
|n 8
|p p.v.
|w 000071834
|u 000010
|a 1
|e BOA001
|j MZK50
|s P
|